| 000 | 006190000a22001210004500 | ||
|---|---|---|---|
| 100 | 1 | _aSanín, Andrés | |
| 245 | 1 | 0 | _aIntrigas y engaños en Moscú : Una nueva mafia del arte |
| 300 | _aVol.0, núm.5 (Febrero, 2006), Páginas 18-19 | ||
| 500 | _aAbogado y periodista. | ||
| 520 | _aCayó una experta en arte, engañaron a un comprador, amenazaron a un historiador del arte y timaron a la famosa casa de subastas Sotheby's. Una pareja de rusos falsificaba cuadros de paisajistas de poca monta y los convertía en presuntos originales del siglo XIX. | ||
| 773 | 0 | _tArcadia / Andrés Felipe Solano, Editor | |
| 942 | _cANA | ||
| 999 |
_c61746 _d61746 |
||